[Event "GER-ch U12"]
[Site "Magdeburg"]
[Date "2014.06.13"]
[Round "9"]
[White "Bui, Ngoc Han Julia"]
[Black "Roessler, Lukas Namgyu"]
[Result "1/2-1/2"]
[WhiteElo "1363"]
[BlackElo "1707"]
[PlyCount "105"]
[EventDate "2014.06.08"]
[EventType "swiss"]
[EventRounds "11"]
[EventCountry "GER"]
[SourceTitle "CBM 160 Extra"]
[Source "ChessBase"]
[SourceDate "2014.07.01"]
[SourceVersion "1"]
[SourceVersionDate "2014.07.01"]
[SourceQuality "1"]

1. e4 c5 2. Nf3 e6 3. d4 cxd4 4. Nxd4 a6 5. c4 Qc7 6. Nc3 Nf6 7. Be3 d6 8. f3 Be7 9. Qd2 0-0 10. Be2 Nbd7 11. 0-0 Ne5 12. b3 Bd7 13. Rfd1 Rfd8 14. Rac1 Be8 15. Bf1 Nc6 16. Bf2 Nd7 17. Bg3 Nc5 18. Nc2 Qb6 19. Kh1 Nb4 20. Nxb4 Qxb4 21. Nd5 Qxd2 22. Nxe7+ Kf8 23. Rxd2 Kxe7 24. Rcd1 e5 25. Bf2 Rac8 26. Bh4+ f6 27. Kg1 g5 28. Bf2 Bg6 29. Bd3 a5 30. Bc2 Bf7 31. Be3 Ra8 32. Bxc5 dxc5 33. Rxd8 Rxd8 34. Rxd8 Kxd8 35. Kf2 Be8 36. Bd3 a4 37. Ke3 axb3 38. axb3 Kc7 39. Kd2 Kb6 40. Kc3 Ka5 41. g3 h5 42. h4 Bd7 43. Bf1 b6 44. Bg2 gxh4 45. gxh4 b5 46. Bf1 Kb6 47. b4 Bc6 48. bxc5+ Kxc5 49. cxb5 Bxb5 50. Bxb5 Kxb5 51. Kb3 Kc5 52. Kc3 Kd6 53. Kc4 1/2-1/2

[Event "GER-ch U12"]
[Site "Magdeburg"]
[Date "2014.06.09"]
[Round "4"]
[White "Roessler, Lukas Namgyu"]
[Black "Biermann, Lenhard"]
[Result "1/2-1/2"]
[WhiteElo "1707"]
[BlackElo "1535"]
[PlyCount "65"]
[EventDate "2014.06.08"]
[EventType "swiss"]
[EventRounds "11"]
[EventCountry "GER"]
[SourceTitle "CBM 160 Extra"]
[Source "ChessBase"]
[SourceDate "2014.07.01"]
[SourceVersion "1"]
[SourceVersionDate "2014.07.01"]
[SourceQuality "1"]

1. e4 e6 2. d4 d5 3. Nc3 Bb4 4. e5 c5 5. a3 Bxc3+ 6. bxc3 Qa5 7. Bd2 Qa4 8. Be3 c4 9. Qd2 Nc6 10. Nf3 Bd7 11. Be2 Nge7 12. 0-0 0-0-0 13. Ng5 Rdf8 14. f4 Nf5 15. Rfc1 f6 16. Nf3 Be8 17. Bd1 Bg6 18. g4 Nxe3 19. Qxe3 f5 20. g5 h6 21. Nh4 Be8 22. g6 h5 23. Kf2 Ne7 24. Be2 Nxg6 25. Nxg6 Bxg6 26. h4 Be8 27. Qg3 Qd7 28. Rg1 g6 29. Rgb1 Qf7 30. Rb2 Bc6 31. Rc1 Be8 32. Qh3 Qe7 33. Ra1 1/2-1/2

[Event "GER-ch U12"]
[Site "Magdeburg"]
[Date "2014.06.08"]
[Round "1"]
[White "Garbuz, Nicole"]
[Black "Roessler, Lukas Namgyu"]
[Result "1/2-1/2"]
[WhiteElo "1389"]
[BlackElo "1707"]
[PlyCount "91"]
[EventDate "2014.06.08"]
[EventType "swiss"]
[EventRounds "11"]
[EventCountry "GER"]
[SourceTitle "CBM 160 Extra"]
[Source "ChessBase"]
[SourceDate "2014.07.01"]
[SourceVersion "1"]
[SourceVersionDate "2014.07.01"]
[SourceQuality "1"]

1. e4 c5 2. d4 cxd4 3. c3 Nf6 4. e5 Nd5 5. cxd4 e6 6. Nf3 d6 7. Nc3 Nb6 8. Qc2 Bd7 9. Bd3 h6 10. 0-0 Bc6 11. Be4 Be7 12. Re1 0-0 13. Be3 Bxe4 14. Qxe4 Nc6 15. d5 exd5 16. Nxd5 Nxd5 17. Qxd5 dxe5 18. Rad1 Qxd5 19. Rxd5 Bf6 20. Rd7 Rab8 21. Red1 Rfd8 22. Rxd8+ Rxd8 23. Rxd8+ Bxd8 24. a3 f6 25. Kf1 Kf7 26. Ke2 Ke6 27. Nd2 Kd5 28. f3 Nd4+ 29. Kd3 b5 30. f4 Bb6 31. fxe5 fxe5 32. h3 Bd8 33. Bxd4 exd4 34. Nf3 Bf6 35. g3 Be5 36. g4 g5 37. h4 Bf6 38. hxg5 hxg5 39. b3 a5 40. b4 a4 41. Ng1 Ke5 42. Ne2 Kd5 43. Ng1 Ke5 44. Ne2 Kd5 45. Ng1 Bd8 46. Nf3 1/2-1/2

[Event "Baden-ch U12"]
[Site "Ettlingen"]
[Date "2014.01.04"]
[Round "4"]
[White "Roessler, Lukas Namgyu"]
[Black "Ehmann, Johanna"]
[Result "1-0"]
[WhiteElo "1639"]
[BlackElo "1256"]
[PlyCount "147"]
[EventDate "2014.01.??"]
[EventType "swiss"]
[EventRounds "7"]
[EventCountry "GER"]
[SourceTitle "EXT 2022"]
[Source "ChessBase"]
[SourceDate "2021.10.06"]
[SourceVersion "1"]
[SourceVersionDate "2021.10.06"]
[SourceQuality "1"]

1. e4 e5 2. Nf3 Nc6 3. Bb5 a6 4. Ba4 Nf6 5. 0-0 Be7 6. Re1 b5 7. Bb3 0-0 8. d4 d6 9. c3 Bg4 10. Be3 Nxe4 11. Bd5 Ng5 12. Bxc6 Rb8 13. dxe5 b4 14. c4 f5 15. Qd5+ Kh8 16. Nxg5 Bxg5 17. Ba7 Rc8 18. Bb7 c6 19. Qd3 Qc7 20. Bxc8 Qxa7 21. Be6 dxe5 22. b3 Rd8 23. Qc2 Bh5 24. Bxf5 Rf8 25. Bd3 Bh4 26. Rf1 Bg6 27. Bxg6 hxg6 28. c5 Qf7 29. Nd2 Bxf2+ 30. Kh1 Qe8 31. Ne4 Bd4 32. Rae1 Rf4 33. Nd6 Qd7 34. Rxf4 exf4 35. Qxg6 Be3 36. Qe8+ Qxe8 37. Nxe8 Kg8 38. Nc7 Bxc5 39. Nxa6 Bd6 40. Rd1 Be7 41. Rd4 Bf6 42. h3 Bxd4 43. Nxb4 c5 44. Nd3 g5 45. a4 Kf7 46. a5 Ke6 47. a6 c4 48. bxc4 Ba7 49. Kh2 Bb8 50. Kg1 Ba7+ 51. Kf1 Kd6 52. Ke2 Kc6 53. Kf3 Bb6 54. c5 Ba7 55. Kg4 Kd5 56. Kxg5 Ke4 57. c6 Bb6 58. a7 Bxa7 59. c7 Be3 60. c8Q f3+ 61. Kh5 fxg2 62. Qb7+ Kxd3 63. Qxg2 Kd4 64. Kg4 Bc1 65. Kf5 Kd3 66. Qe4+ Kd2 67. Qf3 Kc2 68. Ke4 Kb2 69. Kd4 Ka2 70. Kc4 Kb2 71. Qb3+ Ka1 72. Kd3 Bb2 73. Kc2 Bc1 74. Qb1# 1-0

[Event "Baden-ch U12"]
[Site "Ettlingen"]
[Date "2014.01.04"]
[Round "5"]
[White "Schmider, Niklas"]
[Black "Roessler, Lukas Namgyu"]
[Result "1/2-1/2"]
[WhiteElo "1589"]
[BlackElo "1639"]
[PlyCount "63"]
[EventDate "2014.01.??"]
[EventType "swiss"]
[EventRounds "7"]
[EventCountry "GER"]
[SourceTitle "EXT 2022"]
[Source "ChessBase"]
[SourceDate "2021.10.06"]
[SourceVersion "1"]
[SourceVersionDate "2021.10.06"]
[SourceQuality "1"]

1. c4 e6 2. g3 d5 3. cxd5 exd5 4. Bg2 c5 5. d4 Nf6 6. Nf3 Nc6 7. 0-0 Be7 8. Bf4 0-0 9. Nc3 c4 10. Ne5 Be6 11. Nb5 Qb6 12. Nxc6 Qxc6 13. Nc7 Rac8 14. Nxe6 Qxe6 15. h3 Rfd8 16. Rc1 Ne8 17. Qc2 Bf6 18. Rfd1 Nc7 19. Kh2 Nb5 20. Be3 Qb6 21. Qd2 Qd6 22. Qa5 a6 23. a4 Na7 24. Bf4 Qe7 25. Bxd5 Nc6 26. Bxc6 Rxc6 27. Be5 Bxe5 28. dxe5 Rdc8 29. f4 f6 30. Qd5+ Kf8 31. e4 Qb4 32. Rd2 1/2-1/2

[Event "Wiesbaden op 25th"]
[Site "Wiesbaden"]
[Date "2013.08.25"]
[Round "6"]
[White "Roessler, Lukas Namgyu"]
[Black "Gerlach, Manuel"]
[Result "1-0"]
[WhiteElo "1631"]
[BlackElo "1260"]
[PlyCount "69"]
[EventDate "2013.08.22"]
[EventType "swiss"]
[EventRounds "7"]
[EventCountry "GER"]
[SourceTitle "CBM 156 Extra"]
[Source "ChessBase"]
[SourceDate "2013.10.22"]
[SourceVersion "1"]
[SourceVersionDate "2013.10.22"]
[SourceQuality "1"]

1. e4 e5 2. Nf3 Nc6 3. Bb5 a6 4. Ba4 Bc5 5. 0-0 d6 6. h3 Nf6 7. Re1 0-0 8. c3 Bd7 9. d4 Bb6 10. Bg5 h6 11. Bh4 Nb8 12. dxe5 dxe5 13. Nxe5 Bxa4 14. Qxa4 Qd6 15. Nc4 Qe6 16. Nxb6 Qxb6 17. Qc2 Re8 18. Nd2 Nh5 19. Nf1 Nd7 20. Bg3 Nhf6 21. b4 Rad8 22. Rad1 Qc6 23. f3 Nh5 24. Bh2 Qb6+ 25. Kh1 f6 26. g4 Ne5 27. Bxe5 Rxd1 28. Rxd1 fxe5 29. gxh5 Qf6 30. Qg2 Rf8 31. Rd3 Qh4 32. Ng3 Qf4 33. Nf5 Rf7 34. Rd8+ Kh7 35. Qg6# 1-0

[Event "Wiesbaden op 25th"]
[Site "Wiesbaden"]
[Date "2013.08.24"]
[Round "4"]
[White "Roessler, Lukas Namgyu"]
[Black "Launert, Martin"]
[Result "0-1"]
[WhiteElo "1604"]
[BlackElo "1882"]
[PlyCount "116"]
[EventDate "2013.08.22"]
[EventType "swiss"]
[EventRounds "7"]
[EventCountry "GER"]
[SourceTitle "EXT 2014"]
[Source "ChessBase"]
[SourceDate "2013.11.20"]
[SourceVersion "1"]
[SourceVersionDate "2013.11.20"]
[SourceQuality "1"]

1. e4 e5 2. Nf3 Nc6 3. Bb5 a6 4. Ba4 Nf6 5. 0-0 Be7 6. Re1 b5 7. Bb3 0-0 8. d4 d6 9. c3 Bg4 10. Be3 Re8 11. Nbd2 Bf8 12. Qc2 Na5 13. Bg5 h6 14. Bh4 Nxb3 15. axb3 c5 16. h3 Bh5 17. Qd3 g5 18. Bg3 Nd7 19. b4 exd4 20. cxd4 cxb4 21. Qb3 Bg6 22. Qd5 Nf6 23. Qc6 Qc8 24. Qb6 Nd7 25. Qa5 Qb7 26. d5 Nc5 27. Re3 Nxe4 28. Qxb4 Nxg3 29. Rxe8 Rxe8 30. fxg3 Qxd5 31. Rxa6 Qc5+ 32. Qd4 Bg7 33. Qxc5 dxc5 34. b3 Rd8 35. Rc6 Bc3 36. Nf1 Bb4 37. Rb6 Kg7 38. Rxb5 Bc2 39. Ne5 Bxb3 40. Nc6 Bc4 41. Rb6 Rd1 42. Nxb4 Rxf1+ 43. Kh2 cxb4 44. Rxb4 Bd5 45. Rd4 Be6 46. g4 Kf6 47. Kg3 Ke5 48. Rd2 Rf4 49. Rd8 Kf6 50. Rd2 Rb4 51. Rf2+ Kg6 52. Rd2 Rb3+ 53. Kf2 Ra3 54. Rb2 Ra2 55. Rxa2 Bxa2 56. g3 Kf6 57. h4 Ke5 58. Ke3 Bb3 0-1

[Event "Karl Mala Memorial op-A 16th"]
[Site "Frankfurt"]
[Date "2013.07.12"]
[Round "2"]
[White "Keller, Peter1"]
[Black "Roessler, Lukas Namgyu"]
[Result "1-0"]
[WhiteElo "2091"]
[BlackElo "1604"]
[PlyCount "65"]
[EventDate "2013.07.11"]
[EventType "swiss"]
[EventRounds "7"]
[EventCountry "GER"]
[SourceTitle "EXT 2014"]
[Source "ChessBase"]
[SourceDate "2013.11.20"]
[SourceVersion "1"]
[SourceVersionDate "2013.11.20"]
[SourceQuality "1"]

1. e4 c5 2. Nf3 e6 3. Nc3 a6 4. d4 cxd4 5. Nxd4 b5 6. Bd3 Qb6 7. Nb3 Qc7 8. 0-0 Bb7 9. Qe2 Nc6 10. f4 d6 11. Bd2 Nf6 12. Kh1 Be7 13. Rae1 0-0 14. Rf3 Nb4 15. Rh3 Nxd3 16. cxd3 e5 17. a3 Rfd8 18. Rc1 Qd7 19. Na5 Rac8 20. Nxb7 Qxb7 21. Rf1 Qd7 22. Rg3 Kh8 23. Be3 Rc6 24. d4 Rc4 25. Rd1 exf4 26. Bxf4 d5 27. exd5 Re8 28. Be5 Bd6 29. Re3 Qe7 30. Re1 Rxc3 31. bxc3 Nxd5 32. Bxg7+ Kxg7 33. Rxe7 1-0

[Event "Wch U10"]
[Site "Maribor"]
[Date "2012.11.15"]
[Round "8.42"]
[White "Roessler, Lukas Namgyu"]
[Black "Ulker, Tolga"]
[Result "0-1"]
[WhiteElo "1571"]
[BlackElo "1801"]
[PlyCount "92"]
[EventDate "2012.11.08"]
[EventType "swiss"]
[EventRounds "11"]
[EventCountry "SLO"]
[SourceTitle "EXT 2013"]
[Source "ChessBase"]
[SourceDate "2012.11.22"]
[SourceVersion "1"]
[SourceVersionDate "2012.11.22"]
[SourceQuality "1"]

1. e4 c5 2. Nf3 Nc6 3. d4 cxd4 4. Nxd4 e5 5. Nb5 d6 6. N1c3 a6 7. Na3 b5 8. Nd5 Nge7 9. c4 Nxd5 10. cxd5 Nd4 11. Be3 Be7 12. Bxd4 exd4 13. Qxd4 Bf6 14. Qd2 0-0 15. Bd3 Be5 16. 0-0 Qh4 17. f4 Bd4+ 18. Kh1 Qf6 19. Rab1 Bd7 20. Be2 Rfe8 21. Bf3 Rac8 22. Rfd1 Bb6 23. g3 a5 24. Qd3 Rc5 25. Qd2 b4 26. Nc2 Ba4 27. Rdc1 Rec8 28. Ne1 h6 29. Rxc5 Rxc5 30. Rc1 Rxc1 31. Qxc1 g6 32. b3 Qd4 33. Nc2 Qc3 34. Be2 Bb5 35. Qd1 Bxe2 36. Qxe2 Qb2 37. Qc4 Qxa2 38. e5 dxe5 39. fxe5 Qb1+ 40. Kg2 Qg1+ 41. Kh3 Qf2 42. Qd3 Kg7 43. d6 h5 44. d7 g5 45. d8Q Bxd8 46. Qxd8 Qf1# 0-1

[Event "GER-ch Net qual2 U14"]
[Site "Playchess.com INT"]
[Date "2012.09.05"]
[Round "3"]
[White "Roessler, Lukas Namgyu"]
[Black "Becker, Dirk"]
[Result "0-1"]
[WhiteElo "1513"]
[BlackElo "1234"]
[PlyCount "47"]
[EventDate "2012.09.05"]
[EventType "swiss (blitz)"]
[EventRounds "7"]
[EventCountry "GER"]
[SourceTitle "CBM 150 Extra"]
[Source "ChessBase"]
[SourceDate "2012.10.19"]
[SourceVersion "1"]
[SourceVersionDate "2012.10.19"]
[SourceQuality "1"]

1. e4 d5 2. exd5 Qxd5 3. Nc3 Qd6 4. Nf3 c6 5. d3 Nf6 6. Bd2 Bg4 7. Qe2 e6 8. h3 Bxf3 9. gxf3 Be7 10. 0-0-0 Nbd7 11. Rg1 Rg8 12. Ne4 Qc7 13. Bc3 0-0-0 14. Bd4 b6 15. b3 Ba3+ 16. Kb1 Bd6 17. Kb2 e5 18. Be3 Nd5 19. a4 c5 20. d4 exd4 21. Bd2 Bf4 22. Qa6+ Kb8 23. Nd6 Bxd6 24. Rg2 0-1

[Event "Wiesbaden op 24th"]
[Site "Wiesbaden"]
[Date "2012.08.25"]
[Round "5"]
[White "Uhl, Patrick"]
[Black "Roessler, Lukas Namgyu"]
[Result "0-1"]
[WhiteElo "1739"]
[BlackElo "1508"]
[PlyCount "122"]
[EventDate "2012.08.23"]
[EventType "swiss"]
[EventRounds "7"]
[EventCountry "GER"]
[SourceTitle "CBM 150 Extra"]
[Source "ChessBase"]
[SourceDate "2012.10.19"]
[SourceVersion "1"]
[SourceVersionDate "2012.10.19"]
[SourceQuality "1"]

1. d4 d5 2. Nf3 e6 3. e3 c5 4. c3 Nc6 5. Bd3 Nf6 6. Nbd2 Be7 7. 0-0 0-0 8. Re1 b6 9. e4 dxe4 10. Nxe4 cxd4 11. Bd2 dxc3 12. Bxc3 Nd5 13. a3 Nxc3 14. Nxc3 Bb7 15. Qc2 h6 16. Rad1 Qc8 17. Bf1 a6 18. Rd2 Qc7 19. Red1 Rfd8 20. Na4 Rac8 21. Nc3 Bd6 22. Na4 Be7 23. Nc3 Bd6 24. Ne2 Ne5 25. Qxc7 Nxf3+ 26. gxf3 Bxc7 27. Rxd8+ Rxd8 28. Rxd8+ Bxd8 29. Kg2 Bc7 30. Nc3 Kf8 31. b4 Bd6 32. b5 a5 33. Na4 Bc7 34. Bd3 Ke7 35. Be4 Bd5 36. Nc3 Bc4 37. Bc6 Bd6 38. Na4 Bc7 39. Nb2 Bb3 40. h4 Bd6 41. a4 Be5 42. Nd3 Bd4 43. f4 Bxa4 44. Kf3 Bf6 45. h5 Bd1+ 46. Ke3 Bxh5 47. f3 g5 48. Nf2 gxf4+ 49. Kd3 Bg6+ 50. Kc4 Bg7 51. Nh3 Be5 52. Nf2 Bd6 53. Bb7 h5 54. Bc6 f6 55. Bb7 Bc5 56. Ne4 Bxe4 57. Bxe4 h4 58. Bd3 h3 59. Bf1 h2 60. Bg2 a4 61. Kc3 a3 0-1

[Event "Sachsen-ch U08"]
[Site "Sebnitz"]
[Date "2009.04.16"]
[Round "5"]
[White "Mueller, Hannes"]
[Black "Roessler, Lukas Namgyu"]
[Result "1-0"]
[WhiteElo "660"]
[BlackElo "707"]
[PlyCount "57"]
[EventDate "2009.04.14"]
[EventType "swiss"]
[EventRounds "7"]
[EventCountry "GER"]
[SourceTitle "EXT 2010"]
[Source "ChessBase"]
[SourceDate "2010.11.25"]
[SourceVersion "1"]
[SourceVersionDate "2010.11.25"]
[SourceQuality "1"]

1. e4 e5 2. Nf3 Nc6 3. Bc4 Nf6 4. Nc3 Bc5 5. d3 d6 6. Bg5 h6 7. Bh4 g5 8. Bg3 h5 9. Nxg5 h4 10. Nxf7 Qd7 11. Nxh8 Qh7 12. Nf7 Qxf7 13. Bxh4 Ng8 14. Bxf7+ Kxf7 15. Qf3+ Ke8 16. Nd5 Kd7 17. Qh3+ Ke8 18. Nxc7+ Kf8 19. Qf3+ Kg7 20. Nxa8 Nd4 21. Qg3+ Kh7 22. Nc7 Nxc2+ 23. Ke2 Nxa1 24. Nd5 Nc2 25. Nf6+ Nxf6 26. Bxf6 Nd4+ 27. Kd2 Bb4+ 28. Kd1 Kh6 29. Qg5+ 1-0